000 00489nam a2200181Ia 4500
005 20250423094916.0
008 250422s9999 xx 000 0 und d
020 _a9783717030
050 _aHF 5549 .I34/
100 _aEmeka, Ihenacho A.
245 0 _aCorporate HR management: unveiling the Secrets of the most valuable Corporate resouce
260 _aLagos
260 _bAlpha International
260 _c2006
300 _a415 p
650 _aPersonnel Management
942 _cBK
999 _c28657
_d28657